000 00676nam a22002057a 4500
005 20150423105444.0
008 150212b spu||||| |||| 00| 0 spa d
050 _aBR735
_bH37 1904
100 1 _aHarnack, A.
245 1 3 _aLa Esencia del cristianismo /
_cMiro Folguera, J., tr.
250 _a1a ed.
260 _aBarcelona :
_bHernich y C.,
_c1904
300 _a2v. ;
_c16 cm.
440 _aBiblioteca Sociologica Interamericana
_vno. 505
504 _aIncluye índice
505 _aContenido: v.1 ; Jesús y el evangelio. -- v2 ; Historia de la religión Cristiana.
650 4 _aReligión
_xCristianismo
700 1 _aMiro Folguera, J.,
_etr.
942 _2lcc
_cLIB
999 _c88426
_d88426